000 00487nam a22001937a 4500
005 20251108175127.0
008 250721s2009 xx 000 0 eng d
082 1 4 _aJ/372.21/COL
245 1 0 _aColors /
246 1 1 _aألوان
264 1 _aBEIRUT :
_bLearning,
_c2009.
300 _a[18 P]
490 0 _aMy First Book
650 1 7 _aCHILDREN
650 1 7 _aCOLORS
653 _aأطفال ما قبل المدرسة ( 0 - 5 سنوات )
942 _2ddc
_cBK
999 _c126825
_d126825